1755 1388 1733 1805 1654 1161 1656 1563 1579 1472 1623 1328 1149 1217 1866 1536 1306 1484 1928 1094 1359 1163 1371 1915 1739 1722 1344 1978 1251 1162 1801 1737 1623 1145 1510 1131 1496 1885 1021 1816 1186 1121 1587 1024 1293 1955 1884 1200 1913 1056 1586 1291 1483 1949 1975 1265 1301 1691 1484 1727 1902 1871 1374 1291 1418 1708 1537 1086 1174 1525 1798 1309 1176 1989 1715 1438 1398 1401 1381 1057 1041 1803 1765 1599 1923 1088 1914 1820 1397 1751 1524 1729 1498 1694 1823 1677 1518 1442 1368 BCNSPRNW ULIB Ver.6.0+V

เปลี่ยนเป็นภาษาไทย

Change to English
 แสดงรายละเอียดบรรณานุกรม
  กลับหน้าหลัก

Brief Record : Get Marc (ISO 2709) : E-mail record : QR code < ปิดหน้าต่าง
LEADER : 00000nam 2200000uu 4500
001    13399125506
003     ULIB
008    170616s2559||||th 000 0 tha d
020    ^a9786161812300
060 04 ^aWD300^bส731ร
100 0  ^aสิรินันท์ บุญยะลีพรรณ
245 10 ^aโรคภูมิแพ้ ฉบับสมบูรณ์ /^cสิรินันท์ บุญยะลีพรรณ, เฉลิมชัย บุญยะลีพรรณ
246 31 ^aAllergy.
250    ^aพิมพ์ครั้งที่ 15.
260    ^aกรุงเทพฯ :^bอมรินทร์เฮลท์,^c2559.
300    ^a295 หน้า :^bภาพประกอบ ;^c21 ซม.
440  0 ^aชุดโรคภัยใกล้ตัว ;^vลำดับที่ 1.
650  7 ^aโรคภูมิแพ้
650  7 ^aโพรงจมูกอักเสบ
650  7 ^aภูมิแพ้
700 0  ^aเฉลิมชัย บุญยะลีพรรณ
945    ^p0^l0^i002311
945    ^p0^l0^i002312
945    ^p0^l0^i002313
945    ^p0^l0^i002314
945    ^p0^l0^i002315
945    ^p0^l0^i002316
999    ^aวรรณษา ชูชัยมงคล
รายการนี้ยังไม่มีแท็ก
คุณยังไม่ได้ล็อกอิน คุณสามารถมีกิจกรรมร่วมกับเว็บไซต์ได้ แต่ต้องล็อกอินก่อน ::
  ล็อกอิน

รายการสื่อสารสนเทศ

ลำดับที่ ประเภท เลขเรียก/บาร์โค้ด สถานที่ สถานะ
1. วิทยาศาสตร์การแพทย์ และสุขภาพ
วิทยาศาสตร์การแพทย์ และสุขภาพ
สถานะ=หนังสือเก่า
WD300 ส731ร ฉ.1 
  Barcode: 002311
ห้องสมุดวิทยาเขตสวรรค์ประชารักษ์
►ส่วนจัดเก็บหนังสือเก่า สปร
บนชั้น
  ขอยืม
2. วิทยาศาสตร์การแพทย์ และสุขภาพ
วิทยาศาสตร์การแพทย์ และสุขภาพ
สถานะ=หนังสือเก่า
WD300 ส731ร ฉ.2 
  Barcode: 002312
ห้องสมุดวิทยาเขตสวรรค์ประชารักษ์
►ส่วนจัดเก็บหนังสือเก่า สปร
บนชั้น
  ขอยืม
3. วิทยาศาสตร์การแพทย์ และสุขภาพ
วิทยาศาสตร์การแพทย์ และสุขภาพ
สถานะ=หนังสือเก่า
WD300 ส731ร ฉ.3 
  Barcode: 002313
ห้องสมุดวิทยาเขตสวรรค์ประชารักษ์
►ส่วนจัดเก็บหนังสือเก่า สปร
บนชั้น
  ขอยืม
4. วิทยาศาสตร์การแพทย์ และสุขภาพ
วิทยาศาสตร์การแพทย์ และสุขภาพ
สถานะ=หนังสือเก่า
WD300 ส731ร ฉ.4 
  Barcode: 002314
ห้องสมุดวิทยาเขตสวรรค์ประชารักษ์
►ส่วนจัดเก็บหนังสือเก่า สปร
บนชั้น
  ขอยืม
5. วิทยาศาสตร์การแพทย์ และสุขภาพ
วิทยาศาสตร์การแพทย์ และสุขภาพ
สถานะ=หนังสือเก่า
WD300 ส731ร ฉ.5 
  Barcode: 002315
ห้องสมุดวิทยาเขตสวรรค์ประชารักษ์
►ส่วนจัดเก็บหนังสือเก่า สปร
บนชั้น
  ขอยืม
6. วิทยาศาสตร์การแพทย์ และสุขภาพ
วิทยาศาสตร์การแพทย์ และสุขภาพ
สถานะ=หนังสือเก่า
WD300 ส731ร ฉ.6 
  Barcode: 002316
ห้องสมุดวิทยาเขตสวรรค์ประชารักษ์
►ส่วนจัดเก็บหนังสือเก่า สปร
บนชั้น
  ขอยืม

รายการใกล้เคียง
    ผู้แต่ง [สิรินันท์ บุญยะลีพรรณ]

    หัวเรื่อง [โรคภูมิแพ้]
    หัวเรื่อง [โพรงจมูกอักเสบ]
    หัวเรื่อง [ภูมิแพ้]

BibComment


ยังไม่เคยถูกคอมเมนท์

คอมเมนท์ทรัพยากรรายการนี้
  คอมเมนท์: โรคภูมิแพ้ ฉบับส..


 Copyright 2026. Bcnsprnw @Library